000 00236nam a2200109Ia 4500
008 240625s9999 xx 000 0 und d
041 _aeng
082 _a174.4 CRA
100 _aCRANE ANDREW
245 _aBUSINESS ETHICS
260 _c2011
999 _c38683
_d38683